1634 1190 1931 1741 1695 1930 1164 1679 1410 1092 1424 1165 1354 1542 1943 1261 1209 1692 1944 1841 1780 1200 1469 1198 1448 1398 1080 1204 1796 1464 1188 1315 1177 1538 1440 1760 1148 1164 1839 1495 1652 1159 1457 1167 1109 1992 1357 1696 1313 1656 1612 1973 1377 1376 1498 1503 1765 1883 1025 1475 1681 1432 1773 1574 1361 1838 1646 1732 1946 1239 1980 1594 1404 1967 1526 1564 1909 1246 1123 1767 1049 1457 1414 1718 1297 1804 1699 1020 1875 1531 1429 1608 1090 1019 1673 1699 1390 1417 1345 BCNSPRNW ULIB Ver.6.0+V

เปลี่ยนเป็นภาษาไทย

Change to English
 แสดงรายละเอียดบรรณานุกรม
  กลับหน้าหลัก

Brief Record : Get Marc (ISO 2709) : E-mail record : QR code < ปิดหน้าต่าง
LEADER : 00000nam 2200000uu 4500
001    13399112547
003     ULIB
008    110824s2554||||th 000 0 tha d
020    9786165001311
090    นว.^bก832ค 2554
100 0  เก้าแต้ม
245 00 คุณชายพุฒิภัทร/^cเก้าแต้ม
250    พิมพ์ครั้งที่ 1
260    กรุงเทพฯ :^bพิมพ์คำ,^c2554
300    454 หน้า
490 0  นวนิยายชุด สุภาพบุรุษจุฑาเทพ
945    ^p270^l0^i18516
995    กัณชพร
999    ^aใช้งานได้ทุกระบบ
รายการนี้ยังไม่มีแท็ก
คุณยังไม่ได้ล็อกอิน คุณสามารถมีกิจกรรมร่วมกับเว็บไซต์ได้ แต่ต้องล็อกอินก่อน ::
  ล็อกอิน

รายการสื่อสารสนเทศ

ลำดับที่ ประเภท เลขเรียก/บาร์โค้ด สถานที่ สถานะ
1. วิทยาศาสตร์การแพทย์ และสุขภาพ
วิทยาศาสตร์การแพทย์ และสุขภาพ
นว. ก832ค 2554  
  Barcode: 18516
ห้องสมุดวิทยาเขตสวรรค์ประชารักษ์
►นวนิยาย
บนชั้น
  ขอยืม

รายการใกล้เคียง
    ผู้แต่ง [เก้าแต้ม]

BibComment


ยังไม่เคยถูกคอมเมนท์

คอมเมนท์ทรัพยากรรายการนี้
  คอมเมนท์: คุณชายพุฒิภัทร เก..


 Copyright 2026. Bcnsprnw @Library